Metacognition in educational theory and practice

Gorde:
Xehetasun bibliografikoak
Egile Nagusiak: Hacker, Douglas J (Egilea), Dunlosky, John (Egilea), Graesser, Arthur C (Egilea)
Formatua: Liburua
Hizkuntza:ingelesa
Argitaratua: Mahwah Lawrence Erlbaum Associates 1998
Saila:The Educational Psychology Series
Gaiak:
Etiketak: Etiketa erantsi
Etiketarik gabe, Izan zaitez lehena erregistro honi etiketa jartzen!

MARC

LEADER 00000nam a2200000 a 4500
001 UCO6515
003 CL-VaPUC
008 001020e19980000us |||||||||||||||||eng|d
082 0 4 |a 370.152  |b HAC  |2 21 
100 0 |a Hacker, Douglas J  |e author  |9 451210 
700 0 |a Dunlosky, John  |e author  |9 451211 
700 |a Graesser, Arthur C  |e author  |9 577158 
245 1 0 |a Metacognition in educational theory and practice 
300 |a 407 p 
942 |c BK 
945 |d 20001020 00:00:00  |a cmena 
260 |a Mahwah  |b Lawrence Erlbaum Associates  |c 1998 
650 0 |a Procesos de aprendizaje  |9 309161 
650 0 |a Cognición   |9 270347 
650 0 |a Metacognición  |9 423942 
650 0 |a Métodos de enseñanza  |9 270413 
650 0 |a Psicología educacional   |9 307830 
583 |a last modification  |c 20171120 05:28:36  |k Rodrigo Vera 
490 0 |a The Educational Psychology Series 
999 |c 292007  |d 292005 
952 |0 0  |1 0  |4 0  |6 370_152000000000000_HAC_1998  |7 0  |8 A  |9 342434  |a FDOPOS  |b FDOPOS  |d 2019-11-20  |i 3654362  |o 370.152 HAC 1998  |p 3654362  |r 2025-01-22  |w 2019-11-20  |y BK  |k MLA 
952 |0 0  |1 0  |4 0  |6 370_152000000000000_HAC_1998  |7 0  |8 A  |9 342435  |a FDOPOS  |b FDOPOS  |d 2019-11-20  |i 3744981  |o 370.152 HAC 1998  |p 3744981  |r 2025-01-22  |w 2019-11-20  |y BK  |k MLA 
952 |0 0  |1 0  |4 0  |6 370_152000000000000_HAC_1998  |7 0  |8 A  |9 342436  |a FDOPOS  |b FDOPOS  |d 2019-11-20  |i 4422511  |o 370.152 HAC 1998  |p 4422511  |r 2025-01-22  |w 2019-11-20  |y BK  |k MLA